000 00268nam a2200121 i 4500
001 bg
245 0 0 _aHistoria dyplomacji do 1871 r.
_nT.1.
260 _aWarszawa,
_c1973.
040 _cBPK
041 _apol
942 _cKS
008 s pl f |000 0 pol
999 _c47158
_d47158
856 _uhttp://koha.tu.koszalin.pl/cgi-bin/koha/opac-detail.pl?biblionumber=47158
_yKatalog online BPK